000 00391nam a2200169Ia 4500
008 210210b1957 xxu||||| |||| 00| 0 eng d
041 _aeng
082 _a536/71
100 _aLAVER (F J M)
245 _aElectrons at work
260 _aLondon
_bOxford University Press
_c1957
650 _awork
650 _aElectrons
650 _aat
690 _aModern Physics
906 _a008869
999 _c126632
_d126632